00909nam a2200181 a 450000100100000000500170001000800410002704000250006808200150009311101250010824502010023326000870043430000200052149000720054149000210061383000720063483000210070600002850620250924073802.0110408s1984 dr 000 0 spa d aDO-SdBNPbspacBNPHU axxxbC748d1 aConferencia dictada por el señor rector de la Universidad Autónoma de Santo Domingod(1984 dic. 18 :cSanto Domingo)10aConferencia dictada por el señor rector de la Universidad Autónoma de Santo Domingo, doctor Fernando Sánchez Martínez, en la ciudad de la Vega a profesionales, amigos egresados de la UASD. aLa Vega, República Dominicana :bUniversidad Autónoma de Santo Domingo,c1984. a19 p. ;c22 cm.1 aPublicaciones de la Universidad Autónoma de Santo Domingovv. 3581 aDiscursosvno. 8 aPublicaciones de la Universidad Autónoma de Santo Domingovv. 358 0aDiscursosnno. 8